Československá obchodní banka, a.s. výroční zpráva 1997

Gespeichert in:
Bibliographische Detailangaben
Format: Buch
Sprache:Tschechisch
Veröffentlicht: Praha ASCO [1998]
Schlagworte:
Tags: Tag hinzufügen
Keine Tags, Fügen Sie das erste Tag hinzu!

MARC

LEADER 00000nam$a2200000$$$4500
001 0014272
005 20240108123855.4
041 0 |a cze 
044 |a CS 
245 1 0 |a Československá obchodní banka, a.s.  |b výroční zpráva 1997 
264 1 |a Praha  |b ASCO  |c [1998] 
300 |a 138 s. 
610 2 0 |a bankovníctvo 
610 2 0 |a banky obchodné 
610 2 0 |a služby bankové 
610 2 0 |a výkazy finančné 
610 2 0 |a výkazy účtovné